[Event "Stay Safe Play From Home 309"]
[Site "Emanuel Lasker Arena"]
[Date "2020.07.16"]
[Round "9"]
[White "Klasman"]
[Black "Oliverfab"]
[Result "0-1"]
[WhiteElo "1514"]
[BlackElo "1803"]
[Annotator "NA RC"]
[PlyCount "66"]
[EventDate "2020.07.16"]
[EventType "swiss (blitz)"]
[BlackTeam "SV Laatzen"]

{- Fábregas, Oliver (1915)} 1. f4 {[%emt 0:00:03]} e6 {[%emt 0:00:01]} 2. c4 {[%emt 0:00:03]} Nf6 {[%emt 0:00:01]} 3. Nf3 {[%emt 0:00:01]} c5 {[%emt 0:00:01]} 4. Nc3 {[%emt 0:00:01]} Nc6 {[%emt 0:00:01]} 5. e4 {[%emt 0:00:01]} d6 {[%emt 0:00:01]} 6. e5 {[%emt 0:00:01]} dxe5 {[%emt 0:00:01]} 7. fxe5 {[%emt 0:00:01]} Nd7 {[%emt 0:00:01]} 8. d4 {[%emt 0:00:13]} cxd4 {[%emt 0:00:03]} 9. Nb5 {[%emt 0:00:07]} Bb4+ {[%emt 0:00:12]} 10. Bd2 {[%emt 0:00:03]} Qa5 {[%emt 0:00:02]} 11. Nd6+ {[%emt 0:00:03]} Ke7 {[%emt 0:00:04]} 12. Bxb4 {[%emt 0:00:07]} Qxb4+ {[%emt 0:00:02]} 13. Qd2 {[%emt 0:00:01]} Qxd2+ {[%emt 0:00:04]} 14. Kxd2 {[%emt 0:00:01]} Ndxe5 {[%emt 0:00:04]} 15. Nxe5 {[%emt 0:00:17]} Nxe5 {[%emt 0:00:02]} 16. Nb5 {[%emt 0:00:02]} Rd8 {[%emt 0:00:05]} 17. Nc7 {[%emt 0:00:11]} Rb8 {[%emt 0:00:04]} 18. Re1 {[%emt 0:00:06]} f6 {[%emt 0:00:12]} 19. Nb5 {[%emt 0:00:14]} a6 {[%emt 0:00:03]} 20. Na3 {[%emt 0:00:02]} Bd7 {[%emt 0:00:05]} 21. Bd3 {[%emt 0:00:02]} g6 {[%emt 0:00:05]} 22. h4 {[%emt 0:00:02]} h5 {[%emt 0:00:04]} 23. Nc2 {[%emt 0:00:08]} Bc6 {[%emt 0:00:02]} 24. Rhg1 {[%emt 0:00:04]} g5 {[%emt 0:00:18]} 25. Re2 {[%emt 0:00:23]} gxh4 {[%emt 0:00:04]} 26. Rh1 {[%emt 0:00:02]} Rg8 {[%emt 0:00:04]} 27. Rxh4 {[%emt 0:00:03]} Rg5 {[%emt 0:00:01]} 28. Nxd4 {[%emt 0:00:04]} Rbg8 {[%emt 0:00:07]} 29. Nxc6+ {[%emt 0:00:08]} Nxc6 {[%emt 0:00:02]} 30. Rhe4 {[%emt 0:00:06]} e5 {[%emt 0:00:03]} 31. Rh4 {[%emt 0:00:13]} Rxg2 {[%emt 0:00:03]} 32. Rxh5 {[%emt 0:00:01]} Rxe2+ {[%emt 0:00:05]} 33. Bxe2 {[%emt 0:00:01]} Rg7 {[%emt 0:00:03] Time (Lag: Av=0.38s, max=0.7s)} 0-1